| 000 | 00557cam a2200181 4500 | ||
|---|---|---|---|
| 001 | BFIL006427 | ||
| 008 | 1954 spa | ||
| 035 | _aBFIL006427 | ||
| 050 | 4 |
_aPQ7296 _bA52 1954 |
|
| 100 | 1 | _aAlarcon, Pedro A. de | |
| 245 | 0 |
_aObras completas / _cDe Pedro A. de Alarcon ; con un comentario preliminar por Luis Martinez Kleiser. |
|
| 260 |
_aMadrid : _bFax, _c1954 |
||
| 300 |
_a1919 p. ; _c20 cm. |
||
| 504 | _aIncluye índice | ||
| 650 | 4 | _aLiteratura Española | |
| 700 | 1 |
_aMartinez Kleiser, Luis, _ecol. |
|
| 942 |
_2lcc _cLIB |
||
| 999 |
_c129176 _d129176 |
||